000 00878nas a2200289 4500
001 BR0505219
003 BR-BrBNA
005 20231205105716.0
007 ta
008 230509b bl.|||p| |||| 00| 00por d
040 _aBR-BrBNA
_bpor
_cBiblioteca Nacional de Agricultura
041 _a(Pt)
072 _aF01; F02; H10
100 1 _aPaula, C.C. de
245 1 _aCultivo de bromélias
650 _aBROMÉLIA
650 _aPLANTA ORNAMENTAL
650 _aPRÁTICA CULTURAL
650 _aPROPAGAÇÃO VEGETATIVA
650 _aDOENÇA DE PLANTA
650 _aPRAGA DE PLANTA
650 _aCOMERCIALIZAÇÃO
650 _aCULTIVO IN VITRO
773 0 _tInforme Agropecuário - Empresa de Pesquisa Agropecuária de Minas Gerais (Brazil)
_xISSN 0100-3364
_g(2005), v. 26(227) p. 73-84
_wBR0505219
909 _a202311
_bLúcia
_c55
_dLúcia Elande
942 _2AGRIS
_n0
_cANA
999 _c184268
_d184268